000 00586nam a22002297a 4500
001 96119
003 UA-OsUOA
005 20200925133042.0
007 ta
008 20130315b un ||||| |||| 00| 0 ukr d
040 _aUA-OsUOA
_brus
_cUA-OsUOA
_dUA-OsUOA
041 _arus
080 _a821.161.1
090 _a821.161.1
_bК68
100 _aКороленко В.
245 _aПовести и рассказы
260 _bПравда
300 _a416 с.
650 7 _a82 Література. Літературознавство
_2UDC
942 _cBK
_2udc
955 _a3
999 _c382367
_d382367